| 000 -LEADER |
| fixed length control field |
00776cim a2200277 a 4500 |
| 001 - CONTROL NUMBER |
| control field |
13236986 |
| 005 - DATE AND TIME OF LATEST TRANSACTION |
| control field |
20180223080859.0 |
| 007 - PHYSICAL DESCRIPTION FIXED FIELD--GENERAL INFORMATION |
| fixed length control field |
ss lunjlcmnnce |
| 008 - FIXED-LENGTH DATA ELEMENTS--GENERAL INFORMATION |
| fixed length control field |
950215s1995 nyunnn i eng d |
| 010 ## - LIBRARY OF CONGRESS CONTROL NUMBER |
| LC control number |
2003580157 |
| 020 ## - INTERNATIONAL STANDARD BOOK NUMBER |
| International Standard Book Number |
067189983X : |
| Terms of availability |
16.00 |
| 024 3# - OTHER STANDARD IDENTIFIER |
| Standard number or code |
9780671899837 |
| Additional codes following the standard number or code |
51600 |
| 028 02 - PUBLISHER NUMBER |
| Publisher number |
89983-X |
| Source |
Simon & Schuster Audio |
| 035 ## - SYSTEM CONTROL NUMBER |
| System control number |
(OCoLC)ocm31994798 |
| 040 ## - CATALOGING SOURCE |
| Original cataloging agency |
HQB |
| Transcribing agency |
HQB |
| Modifying agency |
VET |
| -- |
MPB |
| -- |
DLC |
| 041 ## - LANGUAGE CODE |
| Language code of text/sound track or separate title |
eng |
| 042 ## - AUTHENTICATION CODE |
| Authentication code |
lccopycat |
| 080 ## - UNIVERSAL DECIMAL CLASSIFICATION NUMBER |
| Universal Decimal Classification number |
611.53 edw |
| 100 1# - Rafti |
| Rafti |
50 |
| 101 ## - Shkurtesa |
| Shkurtesa |
psi |
| 245 10 - TITLE STATEMENT |
| Title |
Driven to distraction |
| Statement of responsibility, etc |
Edward M. Hallowell and John J. Ratey. |
| 306 ## - PLAYING TIME |
| Playing time |
020000 |
| 906 ## - LOCAL DATA ELEMENT F, LDF (RLIN) |
| a |
7 |
| b |
cbc |
| c |
copycat |
| d |
3 |
| e |
ncip |
| f |
20 |
| g |
y-genmusic |
| 942 ## - ADDED ENTRY ELEMENTS (KOHA) |
| Source of classification or shelving scheme |
|
| Item type |
Books |